50 films à remplir - 2024 - Statistiques

Statistiques générales
  • Ce quiz a été pris 312 fois
  • Le résultat moyen est 30 sur 50
Statistiques - réponses
Hint Réponse % Correct
Le ... de Monte-Cristo Comte
90%
Un p'tit ... en plus Truc
90%
Vice-... 2 Versa
90%
... : Le Roi lion Mufasa
87%
Deadpool & ... Wolverine
87%
Beetlejuice ... Beetlejuice
84%
... sauf toi Tout
83%
L'Amour ... Ouf
82%
Monsieur ... Aznavour
78%
... Pérez Emilia
77%
Joker : ... à deux Folie
77%
Un ... inconnu Parfait
77%
La Planète des singes : Le Nouveau ... Royaume
77%
... (avec Cynthia Erivo et Ariana Grande) Wicked
77%
... : Une saga Mad Max Furiosa
75%
Gladiator ... II
75%
Je suis toujours ...
72%
..., deuxième partie Dune
70%
... Substance The
68%
... Septembre 5
65%
Les Graines du ... sauvage Figuier
65%
L'Histoire de ... Souleymane
64%
Back to ... Black
63%
... War Civil
63%
En ... Fanfare
62%
Bob Marley: ... Love One
61%
... (avec Zendaya, Josh O'Connor et Mike Faist) Challengers
60%
... (déconseillé aux arachnophobes) Vermines
60%
Jamais sans mon ... Psy
58%
Les ... rouges Chambres
57%
... Dieux Vingt
56%
Sing ... Sing
55%
Le ... Sauvage Robot
54%
Vampire ... cherche suicidaire consentant Humaniste
51%
The ... Guy Fall
50%
... - le chat qui n'avait plus peur de l'eau Flow
50%
Wallace et Gromit : La ... de la vengeance Palme
50%
... (avec Ralph Fiennes) Conclave
49%
The ... Brutalist
48%
... n°2 Juré
47%
... (Oscar du meilleur film) Anora
43%
Alien: ... Romulus
41%
Late Night with the ... Devil
40%
A Different ... Man
38%
... Man Better
33%
A Real ... Pain
29%
Hundreds of ... Beavers
28%
Love ... Bleeding Lies
27%
All We Imagine as ... Light
18%
... Boys Nickel
8%
Aucun quiz correspondant
Distribution des résultats
% des personnes avec chaque résultat
Percentile par nombre de réponses
Votre historique - résultats
Vous n’avez pas pris ce quiz